[Event "Jurmala"]
[Site "Jurmala"]
[Date "1985.??.??"]
[Round "1"]
[White "Bagirov, Vladimir"]
[Black "Shabalov, Alexander"]
[Result "1-0"]
[WhiteElo "2485"]
[BlackElo "2200"]

1.d4 Nf6 2.c4 e5 3.dxe5 Ng4 4.Bf4 Nc6 5.Nf3 Bc5 6.e3 Qe7 7.Nc3 Bb4 8.Rc1 O-O
9.Be2 Ngxe5 10.O-O Bxc3 11.Rxc3 d6 12.Nd4 Re8 13.Bg3 Bd7 14.Nb5 Bf5 15.e4 Bc8
16.f4 Ng6 17.f5 Nf8 18.c5 Rd8 19.cxd6 cxd6 20.f6 gxf6 21.Bh4 Qxe4 22.Bxf6 Rd7
23.Rg3+ Ng6 24.Qd2 Qe8 25.h4  1-0

[Event "Jurmala"]
[Site "Jurmala"]
[Date "1985.??.??"]
[Round "2"]
[White "Shabalov, Alexander"]
[Black "Tukmakov, Vladimir B"]
[Result "1/2-1/2"]
[WhiteElo "2200"]
[BlackElo "2570"]

1.d4 Nf6 2.c4 e6 3.Nc3 Bb4 4.Qc2 O-O 5.Nf3 b6 6.e4 Bb7 7.e5 Ne4 8.Bd3 f5
9.exf6 Nxf6 10.Bg5 h6 11.Bh7+ Kh8 12.h4 Bxf3 13.gxf3 Nc6 14.O-O-O Be7 15.Bg6 e5
16.d5 Nd4 17.Qd3 Ng8 18.f4 Bxg5 19.hxg5 Rxf4 20.gxh6 Nxh6 21.Qe3 Qf6 22.Rdg1 Nf5
23.Qd3 Rf8 24.Ne4 Qe7 25.Rh5 Rh4 26.Rhg5 Nd6 27.f3 Nxe4 28.Bxe4 Rf7 29.Qe3 d6
30.Qe1 Rh3 31.Kb1 Qf6 32.Rg6 Qh4 33.Qf1 Rh2 34.a3 a5 35.Re6 Rf8 36.Qc1 Qd8
37.Qe1  1/2-1/2

[Event "Jurmala"]
[Site "Jurmala"]
[Date "1985.??.??"]
[Round "4"]
[White "Shabalov, Alexander"]
[Black "King, Daniel J"]
[Result "1-0"]
[WhiteElo "2200"]
[BlackElo "2425"]

1.d4 Nf6 2.c4 e6 3.Nc3 Bb4 4.Qc2 c5 5.dxc5 O-O 6.Bf4 Bxc5 7.Nf3 d5 8.Rd1 Nc6
9.a3 e5 10.Bg5 d4 11.Nd5 Be7 12.Bxf6 Bxf6 13.e3 dxe3 14.fxe3 e4 15.Nd2 Bg4
16.Be2 Bxe2 17.Kxe2 Be5 18.Nxe4 Qh4 19.Nd2 Qg4+ 20.Kf2 Rfe8 21.Nf3 Rac8 22.Rhf1 Bb8
23.Kg1 Re6 24.h3 Qg3 25.Qf5 Rce8 26.Qg5 f6 27.Qf5 b6 28.b4 Ne5 29.Nd4 Rd6
30.Qe4 Qg6 31.Nf5 Nc6 32.Qc2 Rde6 33.b5 Ne5 34.Nf4 Qf7 35.c5 bxc5 36.Nxe6 Qxe6
37.Qxc5  1-0

[Event "Jurmala"]
[Site "Jurmala"]
[Date "1985.??.??"]
[Round "5"]
[White "Kengis, Edvins"]
[Black "Shabalov, Alexander"]
[Result "1-0"]
[WhiteElo "2430"]
[BlackElo "2200"]

1.Nf3 c5 2.g3 b6 3.Bg2 Bb7 4.O-O Nf6 5.c4 e6 6.Nc3 Be7 7.d4 cxd4 8.Qxd4 d6
9.Rd1 O-O 10.Bg5 Nbd7 11.Nb5 d5 12.cxd5 Bxd5 13.Nc3 Bc6 14.Qc4 Qc8 15.e4 Nc5
16.e5 Nd5 17.b4 Nd7 18.Nxd5 exd5 19.Qh4 Bxg5 20.Qxg5 Qe8 21.Re1 h6 22.Qg4 Qe7
23.Rac1 Rac8 24.Nh4 Qe6 25.Nf5 g6 26.Nxh6+ Kg7 27.Qg5 Rh8 28.Rxc6 Rxc6 29.Bxd5 Qxd5
30.Nf5+  1-0

[Event "Jurmala"]
[Site "Jurmala"]
[Date "1985.??.??"]
[Round "7"]
[White "Tal, Mihail"]
[Black "Shabalov, Alexander"]
[Result "1-0"]
[WhiteElo "2565"]
[BlackElo "2200"]

1.d4 d5 2.Nf3 Nf6 3.c4 c6 4.Qb3 dxc4 5.Qxc4 Bf5 6.g3 e6 7.Bg2 Nbd7 8.Nc3 Be7
9.O-O O-O 10.e3 Rc8 11.Qe2 c5 12.e4 Bg4 13.dxc5 Nxc5 14.Rd1 Qb6 15.h3 Bh5
16.g4 Bg6 17.Ne5 Rfd8 18.Be3 Qb4 19.Nxg6 hxg6 20.e5 Ne8 21.Nb5 a6 22.Nd4 Na4
23.Rd2 Rc7 24.a3 Qa5 25.Qd1 Nb6 26.Nxe6 fxe6 27.Rxd8 Bxd8 28.Qxd8 Kf8 29.Rd1 Nc4
30.b4 Qa4 31.Bc5+ Kg8 32.f4 b6 33.Bf2 Rf7 34.Rd4 Nxa3 35.Rd6 Rxf4 36.Rxe6 Rf8
37.Bxb6 Nc4 38.Rxe8 Rxe8 39.Bd5+  1-0

[Event "Jurmala"]
[Site "Jurmala"]
[Date "1985.??.??"]
[Round "8"]
[White "Utasi, Tamas"]
[Black "Shabalov, Alexander"]
[Result "1/2-1/2"]
[WhiteElo "2480"]
[BlackElo "2200"]

1.d4 d5 2.Nf3 Nf6 3.e3 Bf5 4.Be2 h6 5.O-O e6 6.b3 Nbd7 7.Bb2 Be7 8.c4 O-O
9.Nc3 Ne4 10.Nxe4 Bxe4 11.Rc1 c6 12.a3 a5 13.Nd2 Bh7 14.Bf3 Bd6 15.Re1 Qe7
16.Ra1 f5 17.g3 Nf6 18.Bg2 Bg6 19.Nf3 Bh5 20.Qc2 Ne4 21.Rf1 Bxf3 22.Bxf3 Qg5
23.Qe2 Rf6 24.a4 Bc7 25.Ba3 Rf7 26.Bh1 h5 27.f3 Nf6 28.Qe1 h4 29.f4 Qg6 30.Ra2 Nh5
31.Rg2 hxg3 32.hxg3 Nf6 33.Rh2 Rd7 34.Bf3 b6 35.Kf2 Re8 36.Rfh1 Kf7 37.Bh5 Nxh5
38.Rxh5 Bd8 39.Qe2 Bf6 40.Rg1 c5 41.g4 fxg4 42.Rxg4 Qb1 43.Bb2 Ke7 44.Rg1 Qe4
45.cxd5 Rxd5 46.Rxd5 exd5 47.dxc5 bxc5 48.Bxf6+ Kxf6 49.Rg5 Re6 50.Rg3 d4
51.Qd2 Rd6 52.Qe2 g6 53.exd4 Qxd4+ 54.Re3 Qa1 55.Re8 Qd4+ 56.Kf3 Qd5+ 57.Kf2  1/2-1/2

[Event "Jurmala"]
[Site "Jurmala"]
[Date "1985.??.??"]
[Round "9"]
[White "Shabalov, Alexander"]
[Black "Vitolinsh, Alvis"]
[Result "0-1"]
[WhiteElo "2200"]
[BlackElo "2410"]

1.e4 c5 2.Nf3 d6 3.d4 cxd4 4.Nxd4 Nf6 5.Nc3 a6 6.a4 d5 7.e5 Nfd7 8.Bf4 e6
9.Bd3 g6 10.O-O Bg7 11.Re1 Nc6 12.Nf3 O-O 13.Qe2 f6 14.exf6 Nxf6 15.Qd2 Nh5
16.Bh6 Bxh6 17.Qxh6 Rxf3 18.gxf3 Nd4 19.Re3 Bd7 20.Kh1 Qh4 21.Kg1 Rf8 22.Ne2 Nxf3+
23.Rxf3 Rxf3 24.Ng3 Rxf2 25.Kxf2 Qxh2+ 26.Ke3 Qxg3+ 27.Kd2 e5 28.Rf1 Nf4
29.Rh1 Bh3 30.Kc1 e4 31.Bxe4 dxe4 32.Rd1 Ne6 33.Kb1 Nf8 34.Rd8 Qe1+ 35.Ka2 Be6+
36.b3 Qf2 37.Rd2 Qf3 38.Qg5 Qc3 39.Re2 Bf5 40.Kb1 h5 41.Rg2 Qf3 42.Rg3 Ne6  0-1

[Event "Jurmala"]
[Site "Jurmala"]
[Date "1985.??.??"]
[Round "10"]
[White "Balashov, Yuri S"]
[Black "Shabalov, Alexander"]
[Result "1-0"]
[WhiteElo "2495"]
[BlackElo "2200"]

1.c4 c5 2.Nf3 b6 3.Nc3 Bb7 4.e3 Nf6 5.d4 cxd4 6.exd4 e6 7.Bd3 Be7 8.O-O O-O
9.d5 h6 10.Nd4 a6 11.Bf4 Re8 12.Re1 Bc5 13.Nb3 Bb4 14.Re3 exd5 15.Rxe8+ Qxe8
16.Nxd5 Nxd5 17.cxd5 Bxd5 18.Qh5 Be4 19.Qe2 f5 20.f3 d5 21.fxe4 fxe4 22.Rd1 Qf8
23.Bxe4 dxe4 24.Qxe4 Nd7  1-0

[Event "Jurmala"]
[Site "Jurmala"]
[Date "1985.??.??"]
[Round "13"]
[White "Shabalov, Alexander"]
[Black "Yap, Andronico"]
[Result "1-0"]
[WhiteElo "2200"]
[BlackElo "2400"]

1.d4 Nf6 2.c4 d6 3.Nc3 Nbd7 4.Nf3 e5 5.g3 g6 6.Bg2 Bg7 7.O-O O-O 8.h3 Re8
9.Qc2 c6 10.e4 a6 11.Rd1 b5 12.c5 exd4 13.Nxd4 Nxc5 14.Nxc6 Qc7 15.Nb4 Bb7
16.Bf4 Rad8 17.Nbd5 Nxd5 18.Nxd5 Qb8 19.Rac1 Ne6 20.Be3 Rc8 21.Qb1 Rxc1 22.Qxc1 Nc5
23.Qc2 Na4 24.b3 Bxd5 25.Rxd5 Nc3 26.Rd2 b4 27.Qd3 Nb5 28.Qc4 Rc8 29.Qd5 Bc3
30.Rc2 Be5 31.Rxc8+ Qxc8 32.Bf1 Nc3 33.Qa5 h5 34.Qb6 Nxa2 35.f4 Bg7 36.Bc4 Nc3
37.Qxd6 Qxh3 38.Qxg6 Qd7 39.e5 Nd5 40.Qd3 Qg4 41.Bxd5 Qxg3+ 42.Kf1  1-0

[Event "Riga"]
[Site "Riga"]
[Date "1985.??.??"]
[Round "?"]
[White "Petkevich, Jusefs"]
[Black "Shabalov, Alexander"]
[Result "1-0"]
[WhiteElo "2440"]
[BlackElo "2365"]

1.c4 c5 2.Nf3 b6 3.Nc3 Bb7 4.e3 e6 5.d4 cxd4 6.exd4 d6 7.Bd3 Nf6 8.O-O Be7
9.Re1 O-O 10.Bg5 Nbd7 11.Qe2 Rc8 12.Rad1 Re8 13.a3 Nf8 14.Bc1 Ng6 15.b4 Qc7
16.a4 Bf8 17.Bg5 Nh5 18.g3 Nf6 19.Bxf6 gxf6 20.h4 Bg7 21.h5 Nf8 22.Qe3 h6
23.Nh4 f5 24.Nb5 Qc6 25.Kh2 Ra8 26.Qf4 Red8 27.d5 Qd7 28.Nxf5 Bc8 29.Nxh6+ Bxh6
30.Qxh6 exd5 31.Qg5+ Kh8 32.Qf6+ Kg8 33.h6 Qg4 34.Re7  1-0

[Event "Riga"]
[Site "Riga"]
[Date "1985.??.??"]
[Round "?"]
[White "Vitolinsh, Alvis"]
[Black "Shabalov, Alexander"]
[Result "1-0"]
[WhiteElo "2415"]
[BlackElo "2365"]

1.e4 c5 2.Nf3 d6 3.d4 cxd4 4.Nxd4 a6 5.g4 Nf6 6.g5 Nxe4 7.Bg2 Qa5+ 8.b4 Qxb4+
9.c3 Nxc3 10.Qd2 Nxa2 11.Rxa2 Qxb1 12.Rb2 Qa1 13.O-O Qa4 14.Bxb7 Bxb7 15.Rxb7 Nc6
16.Nxc6 Qxc6 17.Qb2 f5 18.Bf4 Qd5 19.Re1 Rc8 20.Rbxe7+ Bxe7 21.Qxg7 Qf7 22.Qxh8+ Kd7
23.Qd4 Qc4 24.Qg7 Re8 25.Bg3 f4 26.Bh4 Qb4 27.f3 Qc5+ 28.Kh1 Qd5 29.Kg2 Qd2+
30.Bf2 Qc2 31.Qd4 Qc5 32.Qe4 Qxg5+ 33.Kh1 Rc8 34.Qe6+ Kd8 35.Rg1  1-0

[Event "Minsk tt"]
[Site "Minsk"]
[Date "1986.??.??"]
[Round "?"]
[White "Shabalov, Alexander"]
[Black "Sokolov, Andrei"]
[Result "1/2-1/2"]
[WhiteElo "2365"]
[BlackElo "2595"]

1.Nf3 c5 2.c4 Nf6 3.Nc3 Nc6 4.d4 cxd4 5.Nxd4 e6 6.Bf4 d6 7.Ndb5 e5 8.Bg5 a6
9.Na3 Be7 10.e3 O-O 11.Be2 Be6 12.O-O Rc8 13.Rc1 Qa5 14.Nab1 Rfd8 15.Bxf6 Bxf6
16.a3 e4 17.b4 Qf5 18.Qc2 Bxc3 19.Nxc3 Ne5 20.Qxe4 Qxe4 21.Nxe4 Bxc4 22.Bxc4 Nxc4
23.a4 f5 24.Nc3 Kf7  1/2-1/2

[Event "Novosibirsk tt"]
[Site "Novosibirsk"]
[Date "1986.??.??"]
[Round "?"]
[White "Timoshchenko, Gennadi A"]
[Black "Shabalov, Alexander"]
[Result "1-0"]
[WhiteElo "2475"]
[BlackElo "2365"]

1.e4 c5 2.Nf3 d6 3.d4 cxd4 4.Nxd4 e6 5.c4 a6 6.Nc3 Nd7 7.g3 b6 8.b3 Bb7 9.Bg2 Qc7
10.Bb2 Ngf6 11.O-O Be7 12.Qe2 O-O 13.Rad1 Rfe8 14.h3 Bf8 15.f4 Rad8 16.Nc2 Qb8
17.Kh2 g6 18.Ne3 Bg7 19.Ng4 Nxg4+ 20.hxg4 Bc6 21.Qd2 b5 22.cxb5 axb5 23.Rde1 Qa8
24.a3 Qa7 25.g5 Nc5 26.b4 Nd7 27.Nd1 Bxb2 28.Qxb2 Ra8 29.Rf3 Nb6 30.Nf2 Nc4
31.Qf6 d5 32.Ng4 dxe4 33.Rc3 Bd5 34.Bxe4 Bxe4 35.Rxe4 Red8 36.Nh6+ Kf8 37.Rxe6 Qf2+
38.Kh3 Qf1+ 39.Kg4 Qd1+ 40.Rf3  1-0

[Event "Riga"]
[Site "Riga"]
[Date "1986.??.??"]
[Round "?"]
[White "Shabalov, Alexander"]
[Black "Vitolinsh, Alvis"]
[Result "0-1"]
[WhiteElo "2365"]
[BlackElo "2415"]

1.Nf3 e6 2.c4 c5 3.g3 b6 4.Bg2 Bb7 5.Nc3 Nf6 6.O-O Be7 7.d4 cxd4 8.Qxd4 Nc6
9.Qf4 O-O 10.Rd1 d6 11.b3 Qb8 12.Bb2 Ne5 13.Ne1 Bxg2 14.Nxg2 a6 15.h3 Qb7
16.a4 Rfc8 17.Qe3 Rc6 18.f4 Ned7 19.Qf3 Rac8 20.Ne3 R6c7 21.Qxb7 Rxb7 22.Kg2 Nc5
23.b4 Nce4 24.Nxe4 Nxe4 25.g4 b5 26.Kf3 Nf6 27.cxb5 axb5 28.a5 d5 29.a6 Ra7
30.Bd4 Raa8 31.a7 Ne4 32.Ra5 Bf6 33.Bb6 Rc6 34.Bc5 Nxc5 35.Rc1 Nb3 36.Rxc6 Nd4+  0-1

[Event "Jurmala"]
[Site "Jurmala"]
[Date "1987.??.??"]
[Round "?"]
[White "Sygulski, Artur"]
[Black "Shabalov, Alexander"]
[Result "1/2-1/2"]
[WhiteElo "2410"]
[BlackElo "2375"]

1.d4 d5 2.Nf3 c6 3.g3 e6 4.Bg2 f5 5.c4 Nf6 6.Nc3 Bd6 7.Bf4 Bxf4 8.gxf4 O-O
9.e3 Nbd7 10.Qb3 Qe7 11.h4 a5 12.a3 a4 13.Qb4 Qxb4 14.axb4 dxc4 15.Nd2 Nb6
16.b5 Bd7 17.bxc6 Bxc6 18.Bxc6 bxc6 19.Ke2 Rfc8 20.Ra3 Nfd5 21.Rc1 c5 22.Nb5 cxd4
23.Nxd4 Kf7 24.N4f3 Kf6 25.Ne5 Ra5 26.Ndxc4 Rb5 27.Kd2 Nxc4+ 28.Rxc4 Rxb2+
29.Kc1 Rxc4+ 30.Kxb2 Rb4+ 31.Ka2 Nxf4 32.exf4 Rxf4 33.Nf3 e5 34.Rc3 e4 35.Rc6+ Ke7
36.Nd4 Rxf2+ 37.Ka3 Kf7 38.Kxa4 e3 39.Kb3 e2 40.Re6 Rf4 41.Nxe2 Rxh4 42.Re5 Kf6
43.Re8 Kg5 44.Kc3 Kg4 45.Kd3 g5 46.Ke3 Rh2 47.Rg8 Rg2 48.Nd4 f4+ 49.Ke4 Ra2
50.Rg7 h5 51.Ne6 Ra5 52.Rf7 Kg3 53.Rf5 Rxf5 54.Kxf5 f3 55.Nxg5 h4 56.Ne4+ Kg2
57.Kf4 h3 58.Ke3  1/2-1/2

[Event "Jurmala"]
[Site "Jurmala"]
[Date "1987.??.??"]
[Round "?"]
[White "Shabalov, Alexander"]
[Black "Kengis, Edvins"]
[Result "1-0"]
[WhiteElo "2375"]
[BlackElo "2475"]

1.d4 Nf6 2.Nf3 e6 3.c4 b6 4.Nc3 Bb4 5.Bg5 h6 6.Bh4 Bb7 7.Qc2 g5 8.Bg3 Ne4
9.Be5 f6 10.d5 fxe5 11.Qxe4 Qf6 12.h4 gxh4 13.Qxe5 Qxe5 14.Nxe5 exd5 15.O-O-O Bxc3
16.bxc3 d6 17.Ng6 Rg8 18.Nf4 dxc4 19.e3 b5 20.Rxh4 Nc6 21.a4 a6 22.Rh5 Ne5
23.Ne6 Ke7 24.Nxc7 Rac8 25.Nd5+ Bxd5 26.Rxd5 Nd3+ 27.Bxd3 cxd3 28.Kd2 Rxg2
29.Rxh6 Rxf2+ 30.Kxd3 Rc6 31.axb5 axb5 32.Rxb5 Rf6 33.Rh7+ Ke6 34.Rbb7 Ke5
35.Rh5+ Ke6 36.Kd4 Rc8 37.Rhh7 Re8 38.c4 Rg6 39.Ra7 Kf6 40.Rhf7+ Ke6 41.Rf4 Rb8
42.Re4+ Kf6 43.Rae7 Kf5 44.Rf7+ Kg5 45.Rff4 Kh6 46.Rh4+ Kg7 47.Rhg4 Rxg4
48.Rxg4+ Kf7 49.Kd5 Rb3 50.Kxd6 Rxe3 51.c5 Rd3+ 52.Kc7 Ke6 53.Rg6+ Ke7 54.Rd6 Rc3
55.c6  1-0

[Event "Jurmala"]
[Site "Jurmala"]
[Date "1987.??.??"]
[Round "?"]
[White "Shabalov, Alexander"]
[Black "Bagirov, Vladimir"]
[Result "1/2-1/2"]
[WhiteElo "2375"]
[BlackElo "2470"]

1.d4 d5 2.c4 c6 3.Nf3 Nf6 4.Nc3 dxc4 5.a4 Bf5 6.Ne5 e6 7.f3 Bb4 8.e4 Bxe4
9.fxe4 Nxe4 10.Qf3 Qxd4 11.Qxf7+ Kd8 12.Bxc4 Qxe5 13.Bf4 Bxc3+ 14.Ke2 Ng3+
15.Kf2 Ne4+ 16.Ke2 Ng3+ 17.Kf2 Ne4+  1/2-1/2

[Event "Jurmala"]
[Site "Jurmala"]
[Date "1987.??.??"]
[Round "?"]
[White "Shabalov, Alexander"]
[Black "Kosten, Anthony C"]
[Result "0-1"]
[WhiteElo "2375"]
[BlackElo "2495"]

1.d4 Nf6 2.c4 e6 3.Nf3 Bb4+ 4.Bd2 c5 5.Bxb4 cxb4 6.g3 b6 7.Bg2 Bb7 8.O-O O-O
9.Re1 d6 10.Qb3 a5 11.a3 Na6 12.axb4 Nxb4 13.Nc3 Rc8 14.Rac1 Ba6 15.Na2 Nxa2
16.Qxa2 d5 17.c5 Ne4 18.Qa3 bxc5 19.dxc5 Qc7 20.Rc2 Rb8 21.Nd4 Rb4 22.e3 Rfb8
23.Ra1 a4 24.Rac1 e5 25.Nf5 Rb3 26.Qxa4 Bd3 27.Qc6 Qxc6 28.Ne7+ Kf8 29.Nxc6 Rc8
30.Nxe5 Bxc2 31.Rxc2 Ke7 32.c6 Rb6 33.f3 Nd6 34.Bh3 Rc7 35.Bd7 Rb3 36.Rc3 Rxc3
37.bxc3 Nc4 38.Nd3 Nb6 39.Nb4 Kd6 40.Bh3 f6 41.Kf2 Ra7 42.Ke2 Ra3 43.Kd2 Nc4+
44.Kc2 Ra7 45.f4 Nxe3+ 46.Kd3 Re7 47.Kd4 f5 48.c7 Kxc7 49.Nxd5+ Nxd5 50.Kxd5 g6
51.Bf1 Re1 52.Bc4 Rh1 53.h4 Rh3 54.Ke5 Rxg3 55.Bg8 h5 56.Bf7 Rg4 57.Kf6 Rxh4
58.Bxg6 Rxf4 59.Kg5 Rg4+  0-1

[Event "Jurmala"]
[Site "Jurmala"]
[Date "1987.??.??"]
[Round "?"]
[White "Shabalov, Alexander"]
[Black "Arnason, Jon L"]
[Result "1/2-1/2"]
[WhiteElo "2375"]
[BlackElo "2555"]

1.Nf3 Nf6 2.c4 e6 3.g3 d5 4.d4 dxc4 5.Bg2 a6 6.O-O b5 7.Ne5 Nd5 8.b3 cxb3
9.Qxb3 Bb7 10.Rd1 Nd7 11.Nc3 c6 12.Ne4 Nxe5 13.dxe5 c5 14.Bb2 Be7 15.Qf3 O-O
16.Qh5 Qb6 17.Nf6+ Nxf6 18.exf6 Bxf6 19.Bxf6 gxf6  1/2-1/2

[Event "Jurmala"]
[Site "Jurmala"]
[Date "1987.??.??"]
[Round "?"]
[White "Romanishin, Oleg M"]
[Black "Shabalov, Alexander"]
[Result "1/2-1/2"]
[WhiteElo "2555"]
[BlackElo "2375"]

1.c4 b6 2.d4 e6 3.g3 Bb7 4.Nf3 Bb4+ 5.Bd2 Bxf3 6.exf3 Bxd2+ 7.Qxd2 Nf6 8.Nc3 O-O
9.Be2 d5 10.cxd5 Nxd5 11.O-O Nc6 12.Rfd1 Nce7 13.Rac1 Qd7 14.f4 Rfd8 15.Nb5 c6
16.Na3 Nf5 17.Nc4 Nde7 18.Ne5 Qd6 19.Nf3 Nd5 20.a3 Rac8 21.Bd3 g6 22.Qe2 Rc7
23.b4 Nde7 24.Be4 Rcd7 25.Rd3 Qc7 26.b5 c5 27.dxc5 Rxd3 28.Bxd3 bxc5 29.Qe5 Qb7
30.Be2 Rd5 31.Qf6 Nc8 32.g4 Nfd6 33.Qd8+ Kg7 34.Qa5 Ne4 35.Qa6 Qc7 36.Ne5 Nb6
37.Qa5 f6 38.Nd3  1/2-1/2

[Event "Jurmala"]
[Site "Jurmala"]
[Date "1987.??.??"]
[Round "?"]
[White "Psakhis, Lev"]
[Black "Shabalov, Alexander"]
[Result "1/2-1/2"]
[WhiteElo "2575"]
[BlackElo "2375"]

1.e4 c5 2.Nf3 e6 3.d3 Nc6 4.g3 Nge7 5.Bg2 g6 6.O-O Bg7 7.c3 O-O 8.Bf4 e5
9.Be3 d6 10.Na3 Kh8 11.d4  1/2-1/2

[Event "Jurmala"]
[Site "Jurmala"]
[Date "1987.??.??"]
[Round "?"]
[White "Casper, Thomas"]
[Black "Shabalov, Alexander"]
[Result "1/2-1/2"]
[WhiteElo "2435"]
[BlackElo "2375"]

1.e4 c5 2.Nf3 Nc6 3.d3 g6 4.g3 Bg7 5.Bg2 e6 6.O-O Nge7 7.c3 b6 8.d4 cxd4
9.Nxd4 Nxd4 10.cxd4 O-O 11.Nc3 Bb7 12.d5 exd5 13.exd5 Nf5 14.Bf4 Rc8 15.Rc1 a6
16.Qd2 b5 17.Ne4 Qb6 18.b3  1/2-1/2

[Event "Jurmala"]
[Site "Jurmala"]
[Date "1987.??.??"]
[Round "?"]
[White "Shabalov, Alexander"]
[Black "Tal, Mihail"]
[Result "1/2-1/2"]
[WhiteElo "2375"]
[BlackElo "2625"]

1.d4 Nf6 2.Nf3 d5 3.c4 e6 4.Nc3 Be7 5.Bg5 O-O 6.e3 Nbd7 7.Qc2 c5 8.Rd1 Qa5
9.Be2 dxc4 10.Bxc4 cxd4  1/2-1/2

[Event "Jurmala"]
[Site "Jurmala"]
[Date "1987.??.??"]
[Round "?"]
[White "Shabalov, Alexander"]
[Black "Toshkov, Tihomir"]
[Result "1/2-1/2"]
[WhiteElo "2375"]
[BlackElo "2460"]

1.d4 Nf6 2.c4 e6 3.Nf3 b6 4.Nc3 Bb7 5.a3 g6 6.Bg5 h6 7.Bh4 Bg7 8.e3 d6 9.Bd3 Nbd7
10.Qc2 O-O 11.O-O-O Qe7 12.Rhe1 c6 13.g4 b5 14.e4 bxc4 15.Bxc4 c5 16.d5 e5
17.g5 Nh5 18.Rg1 hxg5 19.Bxg5 Ndf6 20.Nh4 Qd7 21.Ne2 Nh7 22.Bd2 Bc8 23.Ng3 Nxg3
24.Rxg3 Bf6 25.Nf3 Bg7 26.Rdg1 Nf6 27.Nh4 Nh5 28.Rg5 Qh3 29.Nf5 Bxf5 30.exf5 Nf4
31.fxg6 f5 32.Bxf4 exf4 33.Bf1 Qxh2 34.Bd3 Rab8 35.Bxf5 Bxb2+ 36.Kd1 Kg7
37.Re1 Bf6 38.Rg4 Qh3 39.Rxf4 Qxa3 40.Ra4 Qf3+ 41.Re2 Qh1+ 42.Re1 Qxd5+ 43.Bd3 Rb7
44.Re3 Qh1+ 45.Re1 Qf3+ 46.Qe2 Qd5 47.Qe4 Rb1+ 48.Ke2 Qxe4+ 49.Bxe4 Rxe1+
50.Kxe1 Bc3+ 51.Ke2 a5 52.Kd3 Bb4 53.f3 Kf6 54.Ra1 Rg8 55.Kc4 Ke5 56.Rd1 a4
57.Rd5+ Ke6 58.Rh5 Rg7 59.Rh8 a3 60.Bd5+ Kf6 61.Bf7 Rxf7 62.gxf7 Kxf7 63.Kd5 Bc3
64.Ra8 Bb2 65.Ra5 Kf6  1/2-1/2

[Event "URS-ch otbor"]
[Site "Norilsk"]
[Date "1987.??.??"]
[Round "?"]
[White "Shabalov, Alexander"]
[Black "Kholmov, Ratmir D"]
[Result "1-0"]
[WhiteElo "2375"]
[BlackElo "2450"]

1.d4 Nf6 2.Nf3 e6 3.g3 b5 4.Bg2 Bb7 5.O-O Be7 6.a4 b4 7.a5 O-O 8.Nbd2 Na6
9.Re1 d5 10.c4 bxc3 11.bxc3 c5 12.c4 dxc4 13.Nxc4 cxd4 14.Qxd4 Qxd4 15.Nxd4 Bxg2
16.Kxg2 Rfc8 17.Ne5 Bb4 18.Rd1 Bc3 19.Rb1 Rc5 20.Nec6 Bxd4 21.Nxd4 Rxa5 22.Nc6 Rc5
23.Rb8+ Rxb8 24.Nxb8 Nc7 25.Rd8+ Nfe8 26.Na6 Rxc1 27.Nxc7 f6 28.Nxe8 Kf7
29.Nd6+ Ke7 30.Rc8  1-0

[Event "URS-ch otbor"]
[Site "Norilsk"]
[Date "1987.??.??"]
[Round "?"]
[White "Shabalov, Alexander"]
[Black "Krasenkow, Michal"]
[Result "1/2-1/2"]
[WhiteElo "2375"]
[BlackElo "2380"]

1.Nf3 Nf6 2.c4 e6 3.d4 b6 4.Nc3 Bb7 5.Bg5 Be7 6.Qc2 c5 7.dxc5 bxc5 8.e3 O-O
9.Be2 h6 10.Bh4 d5 11.Rd1 Qa5 12.O-O Nbd7 13.Nd2 Rac8 14.Bg3 Rfd8 15.cxd5 exd5
16.e4 c4 17.e5 Nh7 18.Nf3 d4 19.Rxd4 Bxf3 20.Bxf3 Nxe5 21.Bd5 Bf6 22.Bxe5 Bxe5
23.Qf5 Qc7 24.Rxc4 Qb8 25.Rxc8 Rxc8 26.Bxf7+ Kh8 27.Nd5 Bxh2+ 28.Kh1 Bd6
29.Re1 Rf8 30.Qd7 Rd8 31.Re8+ Rxe8 32.Bxe8 Bc5 33.Qc6 Bxf2 34.Ne7 Nf6 35.Ng6+  1/2-1/2

[Event "URS-ch otbor"]
[Site "Norilsk"]
[Date "1987.??.??"]
[Round "?"]
[White "Shabalov, Alexander"]
[Black "Naumkin, Igor"]
[Result "1-0"]
[WhiteElo "2375"]
[BlackElo "2470"]

1.d4 e6 2.Nf3 f5 3.g3 Nf6 4.Bg2 Bb4+ 5.Nbd2 O-O 6.O-O a5 7.c4 b6 8.Ne5 Ra7
9.Nb1 Be7 10.Nc3 Bb7 11.d5 Qc8 12.e4 fxe4 13.Nxe4 Na6 14.Be3 Qe8 15.Nc3 exd5
16.Nxd5 Bxd5 17.Bxd5+ Kh8 18.Re1 Bb4 19.Bd2 Nxd5 20.cxd5 Bxd2 21.Qxd2 Qd8
22.Rac1 Nc5 23.Rc4 Ra8 24.Rh4 Kg8 25.Qc2 h6 26.Ng4 Rf7 27.Qg6 Kf8 28.Rxh6 gxh6
29.Nxh6  1-0

[Event "URS-ch otbor"]
[Site "Norilsk"]
[Date "1987.??.??"]
[Round "?"]
[White "Shabalov, Alexander"]
[Black "Piesina, Gintautas"]
[Result "1-0"]
[WhiteElo "2375"]
[BlackElo "2370"]

1.Nf3 Nf6 2.c4 g6 3.Nc3 d5 4.cxd5 Nxd5 5.e4 Nxc3 6.dxc3 Qxd1+ 7.Kxd1 Bg7
8.Be3 O-O 9.Bc4 Nc6 10.Kc2 Na5 11.Be2 b6 12.b4 Nb7 13.Rhd1 Nd6 14.e5 Nf5
15.Bf4 Bb7 16.g4 Nh6 17.h3 f6 18.e6 g5 19.Bg3 a5 20.b5 Be4+ 21.Kb2 c6 22.bxc6 Bxc6
23.Nd4 Ba4 24.Rf1 f5 25.f4 gxf4 26.Bxf4 fxg4 27.hxg4 b5 28.Be3 b4 29.Rh1 bxc3+
30.Ka3 Bxd4 31.Bxd4 Rf4 32.Be3 Rb4 33.Bc5 Rab8 34.Bxb4 Rxb4 35.Rac1 Kg7 36.Rxc3 Be8
37.Rc5 Re4 38.Bb5 Bg6 39.g5 Nf5 40.Bc4 Nd4  1-0

[Event "URS-ch otbor"]
[Site "Norilsk"]
[Date "1987.??.??"]
[Round "?"]
[White "Timoshchenko, Gennadi A"]
[Black "Shabalov, Alexander"]
[Result "1-0"]
[WhiteElo "2490"]
[BlackElo "2375"]

1.d4 Nf6 2.c4 c5 3.d5 g6 4.Nc3 Bg7 5.e4 d6 6.Nf3 O-O 7.Bd3 e6 8.O-O Re8 9.h3 e5
10.Bg5 Nbd7 11.Qd2 Qc7 12.Nh2 a6 13.a4 Nh5 14.Ne2 Rb8 15.g4 Nf4 16.Nxf4 exf4
17.Bxf4 Ne5 18.Rae1 b5 19.axb5 axb5 20.Bxe5 Bxe5 21.b3 bxc4 22.Bxc4 h5 23.f4 Bd4+
24.Kg2 hxg4 25.hxg4 Bd7 26.Nf3 Bg7 27.f5 Bb5 28.Qg5 Bxc4 29.bxc4 Qe7 30.Qxe7 Rxe7
31.g5 Bc3 32.f6 Bxe1 33.fxe7 Ba5 34.Ne5  1-0

[Event "URS-ch otbor"]
[Site "Norilsk"]
[Date "1987.??.??"]
[Round "?"]
[White "Kalinitschew, Sergey"]
[Black "Shabalov, Alexander"]
[Result "0-1"]
[WhiteElo "2445"]
[BlackElo "2375"]

1.d4 Nf6 2.Nf3 e6 3.c4 c5 4.Nc3 cxd4 5.Nxd4 a6 6.e4 Qc7 7.Be2 Bb4 8.Qd3 d6
9.Nc2 Bxc3+ 10.Qxc3 O-O 11.f3 Nbd7 12.Bf4 e5 13.Be3 Nh5 14.g3 g6 15.Nb4 Nb6
16.Qb3 Bd7 17.Nd5 Nxd5 18.cxd5 Rac8 19.Rc1 Qa5+ 20.Kf2 b5 21.Rxc8 Rxc8 22.Rc1 Rxc1
23.Bxc1 f5 24.exf5 gxf5 25.Qe3 Nf6 26.Qa7 f4 27.Qb8+ Kf7 28.a3 Qa4 29.gxf4 e4
30.Be3 Qc2 31.Qa7 exf3 32.Kxf3 Kg6 33.Bf1 Bf5 34.h3 Be4+ 35.Kg3 Nh5+ 36.Kh4 Qh2
37.f5+ Bxf5  0-1

[Event "URS-ch otbor"]
[Site "Norilsk"]
[Date "1987.??.??"]
[Round "?"]
[White "Khasin, Alexander"]
[Black "Shabalov, Alexander"]
[Result "0-1"]
[WhiteElo "2410"]
[BlackElo "2375"]

1.c4 b6 2.d4 e6 3.a3 Nf6 4.Nc3 c5 5.d5 exd5 6.cxd5 d6 7.g3 g6 8.Bg2 Bg7 9.Nf3 O-O
10.O-O Re8 11.Nd2 Nbd7 12.Rb1 Ne5 13.b4 Nh5 14.Bb2 f5 15.bxc5 bxc5 16.Ba1 Bd7
17.Nb5 Nf7 18.Bxg7 Kxg7 19.Nc4 Bxb5 20.Rxb5 Rb8 21.Rxb8 Qxb8 22.Qa1+ Nf6
23.Rb1 Qa8 24.e3 Ne5 25.Nxe5 Rxe5 26.a4 Re7 27.a5 Kf7 28.a6 Qc8 29.Qa4 Rc7
30.Qc4 Nd7 31.Qh4 Nf6 32.Qf4 Qxa6 33.Bf1 c4 34.Rc1 Rc5 35.Qd4 Ke7 36.Rxc4 Rxc4
37.Bxc4 Qa5 38.Qb2 Qc7 39.Qa2 Qb6 40.Kg2 a5 41.Bb3 Qc5 42.h3 Qc3 43.Qa4 Ne4
44.Bc2 Nf6 45.Bd1 Qd2 46.Bf3 Qb4 47.Qc2 a4 48.g4 a3 49.gxf5 Qc5 50.Qb1 Qa7
51.Qa2 gxf5 52.Bd1 Qc5 53.Bb3 Qc1 54.Bc2 Qd2 55.Qxa3 Qxc2 56.Qa7+ Nd7  0-1

[Event "Riga op"]
[Site "Riga"]
[Date "1987.??.??"]
[Round "?"]
[White "Shabalov, Alexander"]
[Black "Klovans, Janis"]
[Result "1-0"]
[WhiteElo "2375"]
[BlackElo "2420"]

1.d4 d5 2.c4 e6 3.Nc3 Nf6 4.Nf3 Be7 5.Bg5 h6 6.Bxf6 Bxf6 7.e3 O-O 8.Rc1 c6
9.Bd3 Nd7 10.O-O dxc4 11.Bxc4 e5 12.h3 exd4 13.exd4 Nb6 14.Bb3 Re8 15.Re1 Rxe1+
16.Qxe1 Bf5 17.Ne4 Bxe4 18.Qxe4 Nd5 19.Bxd5 cxd5 20.Qf5 Qb6 21.Rc8+ Rxc8
22.Qxc8+ Kh7 23.Qf5+ Kg8 24.Qxd5 Qxb2 25.g4 Qb6 26.Qe4 Kf8 27.Kg2 g6 28.Qd3 a6
29.d5 Ke7 30.Qe4+ Kd7 31.h4 Qd6 32.h5 gxh5 33.gxh5 b5 34.Nh2 Qe5 35.Qf3 Ke7
36.Ng4 Qg5 37.a4 Be5 38.Qe4 Kd6 39.axb5 axb5 40.Qb4+ Kc7 41.Qc5+ Kd7 42.Qxb5+ Kd6
43.Qc6+ Ke7 44.Qc5+ Kd7 45.f3 Bf4 46.Kf1 Qf5 47.Ke2 Kd8 48.Qa5+ Kd7 49.Qa4+ Ke7
50.Qe4+ Qxe4+ 51.fxe4 Kd6 52.Kf3 Bg5 53.Ne3 Ke5 54.Nc4+ Kd4 55.Nd6 f6 56.Nf7 Kc5
57.Kg4  1-0

[Event "Riga op"]
[Site "Riga"]
[Date "1987.??.??"]
[Round "?"]
[White "Shabalov, Alexander"]
[Black "Kengis, Edvins"]
[Result "0-1"]
[WhiteElo "2375"]
[BlackElo "2485"]

1.e4 c5 2.Nf3 d6 3.d4 cxd4 4.Nxd4 Nf6 5.Nc3 a6 6.Be2 e5 7.Nb3 Be7 8.Bg5 Be6
9.Bxf6 Bxf6 10.Nd5 Nd7 11.Qd3 O-O 12.Rd1 Rc8 13.c3 Bg5 14.g3 Nc5 15.Nxc5 Rxc5
16.b4 Rc8 17.h4 Bh6 18.g4 g6 19.g5 Bg7 20.Qg3 a5 21.h5 Bxd5 22.exd5 e4 23.hxg6 hxg6
24.Bb5 Qe7 25.c4 axb4 26.Qh4 f5 27.gxf6 Bxf6 28.Qg3 Kg7 29.Ke2 Ra8 30.a4 bxa3
31.Rdg1 g5 32.c5 a2 33.cxd6 Qe5 34.Qg4 Qb2+ 35.Ke3 Ra3+ 36.Kxe4  0-1